| 000 | 00454nam a22001817a 4500 | ||
|---|---|---|---|
| 003 | NUST-PNEC | ||
| 005 | 20170116180746.0 | ||
| 008 | 150204b xxu||||| |||| 00| 0 eng d | ||
| 020 | _a- | ||
| 040 | _cLIBRARY | ||
| 082 | _a621.3 WAR | ||
| 100 |
_97790 _aWard, Robert P. |
||
| 245 |
_aIntroduction to electrical engineering _cRobert P. Ward |
||
| 250 | _a3rd ed. | ||
| 260 | _cc.1960 | ||
| 650 |
_97792 _aElectrical engineering _xEE |
||
| 942 |
_2ddc _cBK |
||
| 999 |
_c62373 _d62373 |
||